| 000 | | | 03707nmc2a22002413x 450 |
| 001 | | | b5da9752-5155-4b45-bce1-364c4b12282c |
| 005 | | | 20220222124824.0 |
| 100 | ## | $a | 20210929l19061907k l0rusy0189 ca |
| 101 | 0# | $a | rus |
| 102 | ## | $a | RU |
| 105 | ## | $a | y### |
| 122 | 2# | $a | d |
| 200 | 1# | $a | Дело об открытии в слободе Покровской Самарской губернии мужского и женского среднего учебного заведения |
| | $j | 11 марта 1906 г. - 1 сентября 1907 г. |
| 215 | ## | $a | 36 л. |
| | $d | 36,5х26 см |
| 251 | ## | $c | Дело |
| 300 | ## | $a | Дело |
| 371 | ## | $a | Документ не является опубликованным и широко распространяемым |
| 461 | #0 | $1 | 001a74412a3-3cc5-4d21-8f0a-dfe2fbd9e72d |
| | $1 | 2001 |
| | $a | Департамент народного просвещения Министерства народного просвещения |
| | $1 | 251 |
| | $c | Фонд |
| | $1 | 852 |
| | $j | 733 |
| 462 | #0 | $1 | 0016bb2937e-7d9c-4190-87e5-66c6cf375ea1 |
| | $1 | 2001 |
| | $a | Дела разряда общих дел Департамента народного просвещения за 1906-1917 гг. |
| | $1 | 251 |
| | $c | Опись |
| | $1 | 852 |
| | $j | 196 |
| 801 | #0 | $a | RU |
| | $b | РГИА |
| | $c | 20210929 |
| | $g | RCR |
| 801 | #1 | $a | RU |
| | $b | ГлавНИВЦ |
| | $c | 20210929 |
| | $2 | rusmarc |
| 801 | #2 | $a | RU |
| | $b | ПБ им. Б.Н. Ельцина |
| | $c | 20220222 |
| | $g | RCR |
| | $2 | rusmarc |
| 850 | ## | $a | РГИА |
| 852 | ## | $a | РГИА |
| | $e | Федеральное казенное учреждение "Российский государственный исторический архив" (РГИА) |
| | $j | 16 |
| 937 | ## | $h | РГИА |
| | $d | 12369754 |
| | $a | ASBIBLIO_SCAN |
| 035 | ## | $a | RusGRCC00037408 |
| 856 | ## | $u | http://readingroom.main.prlib.ru/item.aspx?id_node=n174525321&mode=full |